000
00350nam a2200157Ia 4500
008
240126s9999 xx 000 0 und d
041
_a
English
082
_a
PRHM17-1879
100
_a
T K Sai Akhil.
245
0
_a
Event
_b
Deepti Bhatt.
260
_b
PES University
_a
Bangalore
440
_a
NULL
650
_a
HM
650
_a
HM
942
_c
PR
999
_c
281807
_d
281807